Queridos filhos! (Record no. 2054)
[ view plain ]
| 000 -Etiqueta do registo | |
|---|---|
| Valores | 00648nam a2200253 4500 |
| 010 ## - Número ISBN | |
| ISBN | 9789892365152 |
| 021 ## - Número do Depósito Legal | |
| Código do país | Portugal |
| Número | 543716/25 |
| 100 ## - Dados gerais de processamento | |
| Dados gerais | 20260212d2025 m||y0pory50030103ba |
| 101 ## - Língua de publicação | |
| Língua | Português |
| 102 ## - País de publicação | |
| País | Portugal |
| 200 ## - Titulo e menção de responsabilidade | |
| Título próprio | Queridos filhos! |
| Primeira menção de responsabilidade | Eduardo Sá |
| 205 ## - Menção da edição | |
| Edição | 1ª edição |
| 210 ## - Publicação | |
| Local de publicação | Alfragide |
| Nome do editor | Lua de Papel |
| Data de publicação | 2025 |
| 215 ## - Descrição física | |
| Paginação / Volumes | 255, [1] p. |
| Dimensões | 24 cm |
| 225 ## - Colecção | |
| Título próprio da colecção | Ideia luminosa |
| 300 ## - Notas gerais | |
| Texto da nota | BMB-Registado |
| 606 ## - Nome comum usado como assunto | |
| ID Autoridade | 1439 |
| Palavra de ordem | Relações Sociais |
| 606 ## - Nome comum usado como assunto | |
| ID Autoridade | 2385 |
| Palavra de ordem | Relações interpessoais |
| 675 ## - CDU | |
| Notação | 316.47 |
| Edição | BMB |
| Língua | por |
| 700 ## - Autor principal (pessoa individual) | |
| Apelido | Sá |
| Nome | Eduardo |
| Datas | 1962- |
| ID Autoridade | 2708 |
| 801 ## - Fonte de origem | |
| País | PT |
| Agência | BMB |
| Regras de catalogação | RPC |
| 990 ## - Elementos KOHA | |
| Tipo de documento | Livro |
| Situação do levantamento | Estado | Número | Biblioteca de origem | Código de barras | Cota | Permissão de empréstimo | Tipo de documento | Forma de aquisição |
|---|---|---|---|---|---|---|---|---|
| 1 | Biblioteca Municipal de Borba | 2004 | 316.47 SA / QUE | Livro | Compra |